MARC

LEADER 00000cam a22000004a 4500
001 musev2_40263
003 MdBmJHUP
005 20230905044225.0
006 m o d
007 cr||||||||nn|n
008 780220s1978 onc o 00 0 eng d
020 |a 9780889208506 
020 |z 9780889200647 
020 |z 0889208506 
035 |a (OCoLC)244766134 
040 |a MdBmJHUP  |c MdBmJHUP 
245 1 0 |a Religion and Ethnicity /   |c by Harold Barclay [et autres] ; edited by Harold Coward and Leslie Kawamura. 
264 1 |a Waterloo, Ont. :  |b Published for the Calgary Institute for the Humanities by Wilfrid Laurier University Press,  |c 1978. 
264 3 |a Baltimore, Md. :  |b Project MUSE,   |c 2016 
264 4 |c ©1978. 
300 |a 1 online resource (192 pages):   |b illustrations, fichier MHTMl 
336 |a text  |b txt  |2 rdacontent 
337 |a computer  |b c  |2 rdamedia 
338 |a online resource  |b cr  |2 rdacarrier 
500 |a Workshop held Aug. 8-12, 1977.  |5 CaQQUQ 
500 |a Titre de l'ecran-titre (visionne le 10 septembre 2008).  |5 CaQQUQ 
588 |a Description based on print version record. 
650 7 |a Religion.  |2 rasuqam 
650 1 7 |a Minorite religieuse.  |2 rasuqam 
650 7 |a Religion.  |2 fast  |0 (OCoLC)fst01093763 
650 7 |a Minorities.  |2 fast  |0 (OCoLC)fst01023088 
650 6 |a Minorites  |z Canada  |v Congres. 
650 0 |a Minorities  |z Canada  |v Congresses. 
651 7 |a Canada.  |2 rasuqam 
651 7 |a Canada.  |2 fast  |0 (OCoLC)fst01204310 
651 6 |a Canada  |x Religion  |v Congres. 
651 0 |a Canada  |x Religion  |v Congresses. 
655 7 |a Livres numeriques.  |2 rvmgf 
655 7 |a Conference papers and proceedings.  |2 fast  |0 (OCoLC)fst01423772 
655 7 |a e-books.  |2 aat 
655 6 |a Ressources Internet. 
655 7 |a Electronic books.   |2 local 
700 1 |a Kawamura, Leslie S. 
700 1 |a Coward, Harold G.,  |d 1936- 
700 1 |a Barclay, Harold B.  |q (Harold Barton),  |d 1924- 
710 2 |a Calgary Institute for the Humanities. 
710 2 |a Project Muse.  |e distributor 
830 0 |a Book collections on Project MUSE. 
856 4 0 |z Texto completo  |u https://projectmuse.uam.elogim.com/book/40263/ 
945 |a Project MUSE - Custom Collection 
945 |a Project MUSE - Archive Complete Supplement IV 
945 |a Project MUSE - Archive Global Cultural Studies Supplement IV